000 00675nam a2200241Ia 4500
003 OSt
005 20220926000841.0
006 a|||||r|||| 00| 0
007 ta
008 220923b |||||||| |||| 00| 0 eng d
037 _cGeneral Book
040 _aRTL
_cRTL
_beng
041 _2eng
_aeng
082 _aX;5.2.N69<N68r, K9
110 _aINDIAN NATIONAL TRADE UNION CONGRESS
_9230546
245 0 _aReport.
260 _a New Delhi
_bINTU
_c1969
300 _aix,162p.
_ccm.
500 _aAppendix :2-81p.
700 _aINDIAN NATIONAL TRADE UNION CONGRESS
_9230547
942 _hX;5.2.N69<N68r, K9
_cGB
_2CC
999 _c599884
_d599884